|
|
|
|
| LEADER |
00000nnm a2200000 i 4500 |
| 001 |
dolg7199 |
| 005 |
20160705093417.0 |
| 008 |
160524suuuu hu o 000 hun d |
| 040 |
|
|
|a BGE Dolgozattár Repozitórium
|b hun
|
| 041 |
|
|
|a hu
|
| 100 |
1 |
|
|a Cséri Bettina
|
| 245 |
1 |
0 |
|a Egy új profil megismertetése, bevezetése a social medián keresztül
|c Cséri Bettina
|h [elektronikus dokumentum]
|
| 516 |
|
|
|a Project_work
|
| 695 |
|
|
|a profil,
|
| 695 |
|
|
|a Social media
|
| 695 |
|
|
|a Facebook
|
| 700 |
1 |
|
|a Brávácz Dr. Ibolya
|e ths
|
| 856 |
4 |
0 |
|u http://dolgozattar.uni-bge.hu/7199/1/Cseri_Bettina_Projektmunka.pdf
|z Dokumentum-elérés
|